West Vlaanderen quiz - Statistics

General Stats
  • This quiz has been taken 86 times
  • The average score is 8 of 13
Answer Stats
Hint Answer % Correct
guldensporenslag Kortrijk
95%
Bellewaerde Ieper
92%
Sint Salvator kerk Brugge
89%
Kasteel van Rumbeke Roeselare
86%
't zwin Knokke
82%
Dranouter festival Heuvelland
66%
Provinciaal Domein De Gavers Harelbeke
65%
abdij ten duinen Koksijde
58%
Kasteel Wijnendale Torhout
52%
kasteel van Loppem Zedelgem
51%
Heksenfeesten Zonnebeke
40%
Drie Koningen-zwemmen Diksmuide
38%
Vissershuldefeesten Oostduinkerke
18%
No matching quizzes found
Score Distribution
Percent of People with Each Score
Percentile by Number Answered
Your Score History
You have not taken this quiz